Statistics for Country To Continent Sprint

Click here to take the quiz!

General Stats

  • This quiz has been taken 26 times
  • The average score is 20 of 28

Answer Stats

CountryContinent% Correct
IraqAsia
100%
LebanonAsia
100%
FranceEurope
100%
SwedenEurope
100%
St Kitts and NevisNorth America
100%
ParaguaySouth America
100%
BeninAfrica
95%
TogoAfrica
91%
JapanAsia
91%
MaltaEurope
86%
HaitiNorth America
86%
TuvaluOceania
82%
ZambiaAfrica
77%
GabonAfrica
77%
MaliAfrica
77%
LaosAsia
73%
MyanmarAsia
64%
IsraelAsia
59%
Marshall IslandsOceania
59%
EstoniaEurope
55%
TongaOceania
55%
E SwatiniAfrica
45%
EritreaAfrica
45%
El SalvadorNorth America
45%
SingaporeAsia
36%
AndorraEurope
36%
BhutanAsia
27%
LatviaEurope
27%

Score Distribution

Percentile by Number Answered

Percent of People with Each Score

Your Score History

You have not taken this quiz